000 00396 a2200169 4500
001 74588
020 _a851600773-1
040 _cAnchieta - Colégio São Paulo
100 _aIannone, Roberto Antonio
240 1 0 _aA Revolução indústrial
_lpor
245 1 0 _aA Revolução indústrial
300 _a72
362 0 _a1992
440 1 _aModerna
650 4 _aHistória do mundo
942 _cBK
999 _c74588
_d74588